| 000 | 00672nam a22002417a 4500 | ||
|---|---|---|---|
| 001 | 3875 | ||
| 003 | FISKH | ||
| 005 | 20240521085543.0 | ||
| 008 | 240520b cb ||||| |||| 00| 0 eng d | ||
| 040 |
_aFISK _beng _cFISK _dFISK |
||
| 050 | _aPZ7.K2518 | ||
| 082 | _a813 | ||
| 100 |
_aKehret Peg _d1936- |
||
| 245 |
_aI'm not who you think i am / _cPeg Kehret |
||
| 300 |
_a154 pages : _c20 cm |
||
| 505 | _aM | ||
| 520 | _aThirteen-year-old Ginger becomes the target of a disturbed woman who believes that she is her dead daughter. | ||
| 521 | 8 |
_a710 _bLexiles |
|
| 521 | 8 |
_aM _bRaz-Plus |
|
| 700 | _aPeg Kehret | ||
| 942 |
_2ddc _cBK _n0 |
||
| 999 |
_c3875 _d3875 |
||